| 000 | 00739nab#a2200241#c#4500 | ||
|---|---|---|---|
| 999 |
_c121999 _d121999 |
||
| 003 | IEF | ||
| 005 | 20191210182046.0 | ||
| 008 | 950704s1975 uuu|| #####0 b| |u | ||
| 040 |
_aIEF _cES-MaIEF |
||
| 100 | 1 |
_aMoral Medina, Francisco Javier _930191 |
|
| 245 |
_aExternalidades en el consumo de bienes públicos y teoría pigouviana de las subvenciones _c Francisco Javier Moral Medina |
||
| 260 | _c1975 | ||
| 500 | _aBibliografía | ||
| 650 | 4 |
_aBIENES PUBLICOS _933416 |
|
| 650 | 4 |
_aCONSUMO _940658 |
|
| 650 | 4 |
_aEXTERNALIDADES _944179 |
|
| 650 | 4 |
_aSUBVENCIONES PUBLICAS _948501 |
|
| 650 | 4 |
_aTEORIAS _948553 |
|
| 773 | 0 |
_tHacienda pública española _w34570 _g36, p. 205-224 |
|
| 942 | _2udc | ||
| 942 | _2udc | ||